Los americanos en Santo Domingo : (Registro nro. 14620)

Detalles MARC
000 -LIDER
fixed length control field 01269nam a2200301 a 4500
001 - NÚMERO DE CONTROL
Identificador de número de control 000022495
003 - IDENTIFICACDOR DE NÚMERO DE CONTROL
control field DO-SdBNP
005 - DATE AND TIME OF LATEST TRANSACTION
control field 20240409104013.0
008 - ELEMENTOS DE LONGITUD FIJA
fixed length control field 101012s1980 dr r 000 0 spa d
020 ## - ISBN
International Standard Book Number 8484010325
040 ## - FUENTE DE CATALOGACIÓN
Agencia que crea de manera original el registro DO-SdBNP
Idioma de catalogación spa
Agencia que realiza la transcripción BPMSU
082 #4 - NÚMERO DE CLASIFICACIÓN DECIMAL DE DEWEY
Classification number 327.73097293
Item number K69a 1980
Edition number 22
100 1# - ASIENTO PRINCIPAL -- NOMBRE PERSONAL
Nombre personal Knight, Melvin Moses,
Fechas asociadas con el nombre 1887-
245 14 - MENCIÓN DE TITULO
Título Los americanos en Santo Domingo :
Subtítulo episodios de imperialismo americano /
Mención de responsabilidad Melvin M. Knight.
260 ## - PUBLICACIÓN, DISTRIBUCIÓN, ETC. (PIE DE IMPRENTA)
Lugar de publicación, distribución, etc Santo Domingo :
Nombre del editor, distribuidor, etc. Editora Santo Domingo,
Fecha de publicación, distribución, etc 1980.
300 ## - DESCRIPCIÓN FÍSICA
Extensión 178 p. ;
Dimensiones 25 cm.
490 0# - MENCIÓN DE SERIES
Mención de serie Sociedad Dominicana de Bibliófilos
500 ## - NOTA GENERAL
Nota general Incluye referencias bibliográficas y notas al pie de las páginas
500 ## - NOTA GENERAL
Nota general aTraducción hecha a diligencia de la Universidad de Santo Domingo, con la autorización de la Vanguard Press, de New York,.
590 ## - NOTA LOCAL
Texto de la nota local Inventariado, 2024/VM
650 #4 - ENCABEZAMIENTO DE MATERIA--TEMÁTICO
Término temático o nombre geográfico como elemento de entrada Estadounidenses en República Dominicana.
651 #4 - ENCABEZAMIENTO DE MATERIA--NOMBRE GEOGRÁFICO
Nombre geográfico República Dominicana
Subdivisión temática general Relaciones exteriores
Subdivisión geográfica Estados Unidos.
Fuente del encabezamiento o término
651 #4 - ENCABEZAMIENTO DE MATERIA--NOMBRE GEOGRÁFICO
Nombre geográfico Estados Unidos
Subdivisión temática general Relaciones exteriores
Subdivisión geográfica República Dominicana.
651 #4 - ENCABEZAMIENTO DE MATERIA--NOMBRE GEOGRÁFICO
Nombre geográfico República Dominicana
Subdivisión temática general Política y gobierno.
710 2# - ASIENTO SECUNDARIO -- NOMBRE CORPORATIVO
Materiales especificados Sociedad Dominicana de Bibliófilos
910 ## - VALIDACIÓN
Validación VMateo V. Control de calidad. BPMSU
942 ## - ADDED ENTRY ELEMENTS (KOHA)
Source of classification or shelving scheme Dewey Decimal Classification
Koha item type Libros
Existencias
Withdrawn status Lost status Source of classification or shelving scheme Damaged status Not for loan Collection code Home library Current library Date acquired Source of acquisition Total Checkouts Full call number Barcode Date last seen Price effective from Koha item type
    Dewey Decimal Classification     Colección Dominicana Biblioteca Pública Metropolitana Salomé Ureña Biblioteca Pública Metropolitana Salomé Ureña 04/09/2024 INTEC   BPMSU CD 327.73097293 K69a 1980 BPMSU24040007 04/09/2024 04/09/2024 Libros